书目信息 |
| 书名: | THE HARRY BOSCH NOVELS | |
| 作者: | Michael Connelly | |
| 分册号: | ||
| 分册名: | 出版地: | America |
|
| 出版社: | Little, Brown and Company | |
| 出版时间: | 1995 | |
| 页数: | 820p | |
| 开本: | 24cm | |
| 丛书名: | ||
| 中图分类号: | ||
| 科图分类号: | ||
| 其他分类号: | I712.4 | |
| 主题词: | ||
| 电子资源: | ||
| 000 | 00450nam0 2200145 450 | |
| 001 | 202012000975 | |
| 005 | 20121107172629.0 | |
| 008 | 12102601s | |
| 020 | @a9780316614566@c$19.99 | |
| 099 | @dI712.4@eM58212 | |
| 245 | 10 | @aTHE HARRY BOSCH NOVELS@b The Last Coyote, Trunk Music, Angels Flight@cMichael Connelly |
| 260 | 0 | @aAmerica@bLittle, Brown and Company@c1995 |
| 300 | @a820p@c24cm | |
| 905 | @b009765 | |
| 905 | @aTSG@dI712.4@eM58212 | |
| THE HARRY BOSCH NOVELS : The Last Coyote, Trunk Music, Angels Flight / Michael Connelly.-America : Little, Brown and Company , 1995 |
| 820p ; 24cm |
| ISBN 9780316614566$19.99 |
| ● |
| 相关链接 |
|
|
|
正题名:THE HARRY BOSCH NOVELS
索取号:I712.4/M58212
 
预约/预借
| 序号 | 登录号 | 条形码 | 馆藏地/架位号 | 状态 | 备注 |
| 1 | 9765 | 300097650 | 文学库116/400A自科库 19排2列5层/ [索取号:I712.4/M58212] | 在馆 |